Historia del mundo contemporáneo

Saved in:
Bibliografiske detaljer
Main Authors: Aróstegui Sánchez, J (Author), García Sebastián, M (Author), Gatell Arimont, C (Author), Palafox Gamir, J (Author), Risques Corbella, M (Author)
Format: Bog
Sprog:spansk
Udgivet: Barcelona Vicens Vives 2010
Udgivelse:1a. ed
Serier:Humanidades y Ciencias Sociales
Fag:
Tags: Tilføj Tag
Ingen Tags, Vær først til at tagge denne postø!

MARC

LEADER 00000cam a2200000 a 4500
001 UCG9495
003 CL-VaPUC
008 120316e20100000SP |||||||||||||||||spa|d
020 |a 9788431689193 
082 0 4 |a 909.0712  |b ARO  |2 21 
100 0 |a Aróstegui Sánchez, J  |e author  |9 561079 
700 |a García Sebastián, M  |e author  |9 561080 
700 0 |a Gatell Arimont, C  |e author  |9 561081 
700 0 |a Palafox Gamir, J  |e author  |9 561082 
700 0 |a Risques Corbella, M  |e author  |9 561083 
245 1 0 |a Historia del mundo contemporáneo 
250 |a 1a. ed 
300 |a 379 p 
942 |c BK 
945 |d 20120316 00:00:00  |a dcastane 
260 |a Barcelona  |b Vicens Vives  |c 2010 
650 0 |a Historia contemporánea  |9 343224 
650 0 |a Industrialización  |9 263687 
650 0 |a Revolución francesa  |9 324244 
650 0 |a Capitalismo  |9 255255 
650 7 |a MUNDO CONTEMPORANEO  |2 CL-VaPUC  |9 391811 
650 7 |a NACIONALISMO  |2 CL-VaPUC  |9 561084 
650 0 |a Primera Guerra Mundial   |9 373283 
650 0 |a Segunda Guerra Mundial  |9 325982 
583 |a last modification  |c 20131125 06:44:21  |k Rodrigo Vera 
490 0 |a Humanidades y Ciencias Sociales 
999 |c 347046  |d 347044